Städte in Bulgarien - Sudden Death - Statistiken

Allgemein
  • Dieses Quiz wurde 104 mal gespielt
  • Das Durchschnittsergebnis liegt bei 5 aus 14
Answers on the Grid
Answers color-coded by a green-red scale on the quiz's grid according to % correct below.
Sofia
Plowdiw
Warna
Burgas
Russe
Plewen
Sliwen
Schumen
Stara Sagora
Chaskowo
Wraza
Nessebar
Belgorod
Oradea
Burgos
Patras
Edirne
Piteşti
Tiraspol
Cherson
Sibiu
Kragujevac
Shkodra
Vlora
Bitola
Banja Luka
Sisak
Tambow
Dobritsch
Blagoewgrad
 
Antwortstatistiken
Antwort % Korrekt
Sofia
84%
Plowdiw
61%
Warna
57%
Burgas
49%
Plewen
37%
Nessebar
29%
Russe
29%
Chaskowo
24%
Dobritsch
24%
Sliwen
22%
Stara Sagora
22%
Schumen
18%
Blagoewgrad
16%
Wraza
12%
Keine übereinstimmenden Quizze gefunden
Verteilung der Resultate
Anzahl Personen mit jedem Resultat
Perzentil nach korrekt beantworteten Fragen
Ihre Resultats-Entwicklung
Sie haben dieses Quiz noch nicht gespielt